El señor de las lluvias del viento
Sábháilte in:
| Príomhchruthaitheoir: | |
|---|---|
| Formáid: | Anaithnid |
| Teanga: | Spanish |
| Foilsithe / Cruthaithe: |
Panamá
Mariano Arosemena
1985
|
| Eagrán: | 1. edición |
| Ábhair: | |
| Clibeanna: |
Cuir clib leis
Níl clibeanna ann, Bí ar an gcéad duine le clib a chur leis an taifead seo!
|
MARC
| LEADER | 000000000a22000000004500 | ||
|---|---|---|---|
| 001 | 000161 | ||
| 007 | ta | ||
| 008 | 140429s1985 pn |||f |||| 000 f spa d | ||
| 041 | 0 | |a español | |
| 082 | |a P863.4 B862s | ||
| 100 | 1 | |a Crespo de Britton, Rosa María |d 1936- | |
| 245 | 1 | 3 | |a El señor de las lluvias del viento |c Rosa María Britton |
| 250 | |a 1. edición | ||
| 260 | |a Panamá |b Mariano Arosemena |c 1985 | ||
| 300 | |a 264 páginas | ||
| 500 | |a Número de inscripción 00018 | ||
| 650 | 4 | |a LITERATURA PANAMEÑA |v NOVELA | |
| 942 | |2 ddc |c BK | ||
| 999 | |c 995 |d 995 | ||
